CFD Modelling of Chemical Reactions Turbulent Liquid Flows

Gespeichert in:
Bibliographische Detailangaben
1. Verfasser: Mierka, Otto
Format: Buch
Sprache:Slowakisch
Veröffentlicht: Bratislava STU FCHPT 2005
Online-Zugang:Im OPAC anzeigen
Tags: Tag hinzufügen
Keine Tags, Fügen Sie das erste Tag hinzu!

MARC

LEADER 00000nam a2200000 a 4500
005 20260127134249.0
008 061005 2006 xo 000 0 slo d
035 |a vtls008852526 
039 9 |y 200610051304  |z mschk03 
040 |a STUSCHK1  |b slo  |c STUSCHK1  |e AACR2 
100 1 |a Mierka, Otto  |9 198 
245 1 |a CFD Modelling of Chemical Reactions Turbulent Liquid Flows 
260 |a Bratislava  |b STU FCHPT  |c 2005 
300 |a 88 s. tab.,grafy,lit., príloha 
500 |a Obháj.: 16.2. 2006 
500 |a Katedra chemického a biochemického inžinierstva 
500 |a dizertačná práca 
910 |a SCHK95 
999 |c 8208  |d 8208